000 00937nam a2200253Ia 4500
003 OSt
005 20221005112508.0
006 a|||||r|||| 00| 0
007 ta
008 221004b |||||||| |||| 00| 0 pan d
020 _a9789350179406 (hbk)
_c150
024 _a17804
037 _b913, 20/03/2015, H.K. Prakashan
_cTextual
040 _aCRL
_cCRL
_bpan
041 _2pan
_apan
082 _aV2:51, 153Q3
100 _aਸਿੰਘ, ਸੰਕਦਰ
245 0 _aਭਾਰਤ ਦੀ ਆਗ਼ਾਦੀ ਅਤੇ ਜਾਲ੍ਹਿਆਂ ਵਾਲੇ ਬਾਫ਼ ਦਾ ॥ੂਨੀ ਸਾਕਾ
260 _aਚੰਡੀਗੜ
_bਲੋਕਗੀਤ ਪ੍ਰਕਾFਨ ਭਾਰਤ
_c2007
300 _a160ਪੰ
_ccm.
650 _aਭਾਰਤੀਯ ਇਤਿਹਾਸ
942 _hV2:51, 153Q3
_cTEXL
_2cc
999 _c1025056
_d1025056